Weirdest Food From Every US State - Statistics

General Stats
  • This quiz has been taken 29 times
  • The average score is 14 of 50
Answer Stats
Weirdest Food US State % Correct
Akutaq Alaska
68%
New Jerse Style Sloppy Joe New Jersey
68%
Gator Tail Florida
64%
Sushiritto California
59%
Rocky Mountain Oysters Colorado
55%
Scorpion Lollipops Arizona
50%
Ice Cream Potato Idaho
50%
Detroit Style Cony Dog Michigan
50%
Rattlesnake Texas
45%
Boiled Peanuts Georgia
41%
Green Chili Sundae New Mexico
41%
Geoduck Washington
41%
Gooseneck Barnacles Oregon
36%
Jell-O Salad Utah
32%
Butter Burger Wisconsin
32%
Ube Hawaii
27%
Pasties Montana
27%
Cotton Candy Burrito Nevada
27%
Garbage Plate New York
27%
Chitterlings South Carolina
27%
Sugar on Snow Vermont
27%
Clam Pizza Connecticut
23%
Chow Mein Sandwhich Massachusetts
23%
Pickledog Minnesotta
23%
Scrapple Pennsylvania
23%
Chop Suey Sandwhich Rhode Island
23%
Chuckwagon Breakfast Wyoming
23%
Biscuits with Chocolate Gravy Alabama
18%
Possum Pie Arkansas
18%
Nutria Louisiana
18%
Tomalley Maine
18%
Koolickle Mississippi
18%
Grape-Nuts Ice Cream New Hampshire
18%
Lutefisk North Dakota
18%
Lamb Fries Oklahoma
18%
Slugburger Tennnesse
18%
Fried Squirrel West Virginia
18%
Gravy Bread Illinois
14%
Walking Taco Iowa
14%
Beirock Kansas
14%
Soupbeans Kentucky
14%
Prover Cheese Missouri
14%
Hot Beef Sundae Nebraska
14%
Livermush North Carolina
14%
Chislic South Dakota
14%
Chipped Beef Delaware
9%
Sauerkraut Balls Indiana
9%
Stuffed Ham Maryland
9%
Goetta Ohio
9%
Peanut Soup Virginia
9%
No matching quizzes found
Score Distribution
Percent of People with Each Score
Percentile by Number Answered
Your Score History
You have not taken this quiz